Asymmetric Synthesis - The Essentials

Gespeichert in:
Bibliographische Detailangaben
1. Verfasser: Christmann, Mathias
Weitere Verfasser: Bräse, Stefan
Format: Buch
Sprache:Englisch
Veröffentlicht: Weinheim Wiley-VCH Verlag 2007
Schlagworte:
Online-Zugang:Im OPAC anzeigen
Tags: Tag hinzufügen
Keine Tags, Fügen Sie das erste Tag hinzu!

MARC

LEADER 00000nam a2200000 a 4500
005 20260127133938.0
008 070327 2007 gw 000 0 eng d
020 |a 9783527313990 
035 |a vtls008958897 
039 9 |y 200703270741  |z mschk03 
040 |a STUSCHK1  |b slo  |c STUSCHK1  |e AACR2 
080 |a 547 
100 1 |a Christmann, Mathias 
245 1 |a Asymmetric Synthesis - The Essentials 
260 |a Weinheim  |b Wiley-VCH Verlag  |c 2007 
300 |a xL, 345 p.  |b ill.  |c 24 cm 
650 0 |a asymmetric synthesis 
700 1 |a Bräse, Stefan 
910 |a SCHK95 
919 |a 978-3-527-31399-0 
999 |c 593  |d 593